000 00628nam a2200205Ii 4500
003 JO-AjNU
008 230605s9999||||xx |||||||||||||| ||und||
040 _aJO-AjNU
_bara
_erda
_cJO-AjNU
041 _aara
050 1 4 _aBL633.M37.2004
100 3 _aالمشرقي،أحمد,
_eauthor
_916466
245 0 0 _aالنبوة في الأديان الكتابية
250 _aط1
264 3 1 _aبيروت:دار الجيل للنشر والتوزيع ، 2004
300 _a144ص
336 _atext
_btxt
_2rdacontent
337 _aunmediated
_bn
_2rdamedia
338 _avolume
_bnc
_2rdacarrier
650 4 _aالنبوات
_916467
999 _aA4889
_c8457
_d8457